| 000 | 00871nam a22002057a 4500 | ||
|---|---|---|---|
| 999 |
_c15497 _d15497 |
||
| 003 | AR-CdUCM | ||
| 008 | 190427b ||||| |||| 00| 0 spa d | ||
| 040 |
_aMUNICIPALIDAD PROVINCIAL DEL CUSCO _cBIBLIOTECA MUNICIPAL DEL CUSCO |
||
| 082 |
_a610.94 / _bSI53 / 1944 |
||
| 100 |
_aSigerist, Henry E. _934592 |
||
| 245 | _aLa medicina socializada en la Unión Soviética / | ||
| 260 |
_aLa Habana : _bTip. Arrow Press, _c1944. |
||
| 300 |
_aXXXI, 346 páginas ; _c22.5 cm. |
||
| 505 | _aContenido: Los antecedentes Históricos Filosóficos de la Medicina Soviética -- Los principios de la medicina Soviética -- Los órganos de la medicina Soviética -- La producción de los grupos -- La protección del individuo ... | ||
| 650 |
_aUnión soviética _9496 |
||
| 650 |
_aMedicina _93637 |
||
| 650 |
_aFilosofía _9395 |
||
| 942 |
_2ddc _cLIBROS |
||
| 945 |
_aachl _d2019-04-27 |
||